La escultura en Honduras
محفوظ في:
| المؤلف الرئيسي: | |
|---|---|
| التنسيق: | غير معروف |
| منشور في: |
Madrid, España:
Centro Iberoamericano de Cooperación,
|
| الموضوعات: | |
| الوسوم: |
إضافة وسم
لا توجد وسوم, كن أول من يضع وسما على هذه التسجيلة!
|
MARC
| LEADER | 000000000a22000000004500 | ||
|---|---|---|---|
| 001 | 001268 | ||
| 022 | |a 0011-250X | ||
| 041 | 0 | |a español | |
| 092 | 0 | |a Cuadernos Hispanoamericanos | |
| 100 | 1 | |a Mariñas Otero, Luis | |
| 245 | 1 | 0 | |a La escultura en Honduras |
| 260 | |a Madrid, España: |b Centro Iberoamericano de Cooperación, | ||
| 500 | |a Es por el Puerto de Trujillo donde entran imágenes y maestros de varias generaqciones de imagineros hondureños, así como libros y tratdos de dibujo, escultura y arquitectura que sirven de textos para el aprendizaje teórico por los artesanos hibuerenses. | ||
| 650 | 4 | |a ESCULTURA HONDUREÑA | |
| 773 | 0 | |t Cuadernos Hispanoamericanos : |b revista de cultura hispánica | |
| 773 | 0 | |g número 125 (mayo 1960) | |
| 773 | 0 | |g 1948- | |
| 773 | 0 | |g 215-223 páginas | |
| 999 | |c 1785 |d 1785 | ||
